000
00194nam a22000977a 4500
999
_c
533549
_d
533549
040
_c
dlc
082
_a
813.52
100
_a
Howard Fast
_9
27491
245
_a
The Dinner Party
942
_2
ddc
_c
BK